00391nam a2200157Ia 45000010006000000050017000060080041000230410008000640820016000721000024000882450062001122600009001743000036001836500006002196540008002252368720260414150954.0260414t2013||||xx |||||||||||||| ||spa|| aESP a690.1bF339 aFewings, PetereAUT 0aConstruction project management :ban integrated approach c2013 axxviii, 592 páginas :c24 cm. a0 aCIC